[Event "RUS-chT Blitz Men 2018"]
[Site "Sochi"]
[Date "2018.10.10"]
[Round "12"]
[White "Popov, Maksim"]
[Black "Timofeev, Artyom"]
[Result "0-1"]
[WhiteElo "1570"]
[BlackElo "2580"]
[Annotator "TA"]
[PlyCount "66"]
[EventDate "2018.10.10"]
[EventType "swiss"]
[EventCountry "RUS"]
[SourceTitle "playchess.com"]
[Source "ChessBase"]
[SourceQuality "1"]

{[%evp 9,66,37,52,36,37,39,56,9,40,6,17,-3,6,-33,-27,-29,-27,-27,-10,-9,7,-18,58,52,52,33,51,54,136,0,0,5,0,-133,-142,-181,-178,-166,-162,-174,-112,-125,-110,-197,-129,-242,-225,-780,-781,-763,-776,-767,-771,-764,-752,-2333,-2297,-29988,-29989]} 1. e4 c5 2. c3 d6 3. d4 Qc7 4. Nf3 g6 (4... Bg4 5. Nbd2 Nf6 6. h3 Bh5 7. Bb5+ Nbd7 8. e5 dxe5 9. dxe5 a6 10. Ba4 Nd5 11. e6 fxe6 12. O-O {0-1 (40) Howell,D (2644)-Artemiev,V (2653) Doha 2016}) 5. Be3 Bg7 6. Bb5+ {B22: Sicilian: 2 c3} Nd7 7. O-O a6 8. Ba4 $146 {White is slightly better.} ({Predecessor:} 8. Qa4 Rb8 9. Be2 b5 10. Qc2 Nb6 11. Nbd2 Nf6 12. h3 cxd4 13. Nxd4 {0-1 (26) Scholz Goerlach,U-Van Riesen,K Pinneberg 1995}) 8... b5 9. Bc2 Bb7 10. Re1 Ngf6 11. Bc1 O-O 12. Nbd2 cxd4 13. cxd4 Rac8 14. Bd3 Nb6 15. Nf1 d5 ({Better is} 15... e5 $11) 16. e5 $14 Ne4 17. N1d2 f5 18. exf6 Nxf6 ({Black should try} 18... exf6 $14 19. Nxe4 dxe4 20. Bxe4 Bxe4 21. Rxe4 Qc2) 19. Nb3 (19. Ng5 $16) 19... Ne4 $36 {[%mdl 2048] Black fights for an advantage.} 20. Be3 Nc4 21. Bxc4 (21. Qe2 $11 {remains equal.}) 21... dxc4 $17 ({But not} 21... bxc4 22. Nbd2 $15) 22. Nbd2 Nxd2 23. Nxd2 {[#]} e5 $1 {[%cal Re5d4]} 24. Qg4 Rce8 (24... exd4 $19 25. Bxd4 Rcd8 26. Qe6+ Kh8 27. Bxg7+ Qxg7) 25. Nf1 Qc6 {...exd4 is the strong threat.} 26. dxe5 (26. f3 $17 {might work better.}) 26... Rxe5 ({Black should play} 26... h5 $19 27. Qh3 Bxe5) 27. Re2 (27. f3 $17 {is a better defense.}) 27... Re4 $19 {[%cal Be5e4,Be4g4,Bg4g3][%mdl 32]} 28. Qg3 $2 (28. f4) 28... Be5 29. Qg5 Bf6 30. Qg3 Bh4 31. Qh3 Bc8 32. g4 Rxg4+ 33. Ng3 {[#]} Rxg3+ $1 {[%mdl 512] Precision: White = 27%, Black = 46%.} 0-1

[Event "RUS-chT Blitz Men 2018"]
[Site "Sochi"]
[Date "2018.10.10"]
[Round "13"]
[White "Artemiev, Vladislav"]
[Black "Potapov, Pavel"]
[Result "1-0"]
[WhiteElo "2706"]
[BlackElo "2515"]
[Annotator "TA"]
[PlyCount "82"]
[EventDate "2018.10.10"]
[EventType "swiss"]
[EventCountry "RUS"]
[SourceTitle "playchess.com"]
[Source "ChessBase"]
[SourceQuality "1"]

{[%evp 12,82,59,51,63,52,48,25,65,71,102,100,118,103,105,101,125,122,125,120,139,100,239,239,316,316,316,316,316,316,316,316,316,253,316,316,316,316,316,316,305,297,330,324,366,365,395,395,390,380,439,361,439,436,533,350,408,406,500,485,812,806,863,860,915,845,1377,1227,1299,1250,1070,611,1771]} 1. d4 {[%cal Bd2d4,Bd4e5][%mdl 32]} d5 2. c4 e5 3. dxe5 d4 4. Nf3 Nc6 5. g3 Nge7 6. Bg2 Ng6 7. O-O Ngxe5 {D09: Albin Counter Gambit: Main line with 5 g3} 8. Nxe5 Nxe5 9. b3 Be7 {White has an edge.} 10. Bb2 Bf6 11. Nd2 ({Inferior is} 11. Bxd4 Qxd4 12. Qxd4 Nf3+ 13. Bxf3 Bxd4 $17) 11... c5 12. b4 $146 ({Predecessor:} 12. Ne4 Be7 13. e3 Nc6 14. Qh5 O-O 15. Rfd1 {½-½ (54) Moiseenko,A (2711)-Potapov,P (2460) Khanty-Mansiysk 2013}) 12... cxb4 13. Ne4 Nc6 14. Nxf6+ Qxf6 15. e3 O-O 16. exd4 Rd8 (16... Be6 $16 {was necessary.}) 17. Qd2 $18 Nxd4 18. Rad1 ({Not} 18. Qxb4 Bg4 $11) 18... Nf3+ 19. Bxf3 $1 Rxd2 20. Bxf6 Rxd1 21. Rxd1 {[%cal Rd1d8]} gxf6 {[%mdl 4096] Endgame KRB-KRB} 22. Rd8+ Kg7 {[#]} 23. Bg4 $1 {[%mdl 512]} Bxg4 24. Rxa8 {KR-KB} a6 25. Rb8 Bf3 26. Kf1 h5 27. Ke1 Kg6 28. Kd2 Kf5 29. Ke3 Bc6 30. Rh8 Kg4 31. Rh7 a5 32. Rxf7 a4 33. Kd2 f5 34. h3+ Kxh3 35. Rxf5 {White is clearly winning.} Kg4 (35... h4 $142 36. Rh5 a3 37. gxh4 Kg4) 36. Rf4+ Kg5 37. c5 b3 38. axb3 axb3 39. Rd4 Kf5 40. Kc3 Ke5 41. Rh4 Kd5 {Precision: White = 86%, Black = 26%.} 1-0

[Event "RUS-chT Blitz Men 2018"]
[Site "Sochi"]
[Date "2018.10.10"]
[Round "13"]
[White "Motylev, Alexander"]
[Black "Gogolev, Artem"]
[Result "1-0"]
[WhiteElo "2661"]
[BlackElo "2389"]
[Annotator "TA"]
[PlyCount "97"]
[EventDate "2018.10.10"]
[EventType "swiss"]
[EventCountry "RUS"]
[SourceTitle "playchess.com"]
[Source "ChessBase"]
[SourceQuality "1"]

{[%evp 10,96,60,47,62,41,54,29,34,22,42,24,30,48,64,58,261,271,275,259,262,261,272,258,254,229,278,191,195,177,182,147,143,132,275,285,262,262,349,243,214,169,185,212,222,121,135,153,108,117,276,276,286,170,373,291,292,288,294,293,481,403,440,445,671,664,738,741,612,694,718,512,595,436,500,463,439,350,304,281,280,149,385,343,478,380,366,353,29999]} 1. e4 c5 2. Nf3 Nf6 3. e5 Nd5 4. Nc3 Nxc3 5. dxc3 Nc6 6. Bf4 Qb6 {B29: Sicilian: 2 Nf3 Nf6 (Nimzowitsch Variation)} 7. Rb1 (7. b3 Qc7 8. Qd2 e6 9. O-O-O h6 10. Qe3 a6 11. Nd2 b5 12. h4 c4 13. Kb1 Bb7 14. Qg3 {½-½ (31) Motylev,A (2675)-Rakhmanov,A (2654) Sochi 2017}) 7... Qc7 8. Bc4 {Hoping for Bxf7+!} e6 {White has an edge.} 9. O-O h6 10. Re1 b6 $1 11. Nd2 $36 {[%cal Bf3d2,Bd2e4,Be4d6][%mdl 2080] White is pushing.} Bb7 12. Ne4 $146 ({Predecessor:} 12. Bb5 Ne7 13. Nc4 Nd5 14. Bg3 a6 15. Nd6+ Bxd6 16. exd6 {1-0 (29) Kargin,A (2386)-Kunin,V (2538) Moscow 2008}) 12... O-O-O $2 {[#]} (12... Be7 $14) 13. Nd6+ $1 $18 Bxd6 14. exd6 ({Inferior is} 14. Qxd6 Qxd6 15. exd6 g5 $11) 14... Qb8 15. b4 cxb4 16. cxb4 {[%cal Bc3b4,Bb4b5][%mdl 32]} g5 17. Bg3 h5 18. h3 f5 19. b5 Na5 20. Bf1 f4 21. Bh2 Qa8 (21... Rhg8 $16) 22. Qd4 Kb8 23. c4 Rc8 {[#]} 24. c5 $1 {[%mdl 512]} Bd5 (24... bxc5 25. Qa4) 25. cxb6 axb6 26. Qxb6+ Nb7 27. a4 (27. h4 $18) 27... Qa5 $16 28. Qxa5 Nxa5 29. h4 {[%cal Bh3h4,Bh4g5][%mdl 32]} f3 $2 (29... gxh4 $16 30. Bxf4 h3) 30. hxg5 $18 Rhg8 31. Bf4 (31. Rbc1 $142) 31... Rcf8 $2 (31... fxg2 {might work better.} 32. Be2 (32. Bxg2 Rc4 $11) 32... Nb3) 32. Be3 fxg2 33. Bxg2 Bxg2 34. Kxg2 Rf5 $2 (34... Nc4 35. Bc1 Nb6) 35. Rb4 Rd5 36. Rh1 Kb7 (36... Rgxg5+ $142 37. Bxg5 Rxg5+ 38. Kf3 Rd5) 37. Rxh5 Rxd6 38. Rd4 Rxd4 39. Bxd4 {[%mdl 4096] Endgame KRB-KRN} Nb3 40. Be3 d5 41. Rh4 Kc7 42. Rb4 Na5 43. Bf4+ Kb6 44. Rb1 Nc4 45. Re1 (45. Kg3 $18) 45... Rg6 $2 (45... e5 $16) 46. Kf3 Ka5 47. Ra1 e5 48. Bc1 Nb6 $2 (48... Rg8 $18 49. Ke2 e4) 49. Bd2# {Precision: White = 52%, Black = 34%.} 1-0

[Event "RUS-chT Blitz Men 2018"]
[Site "Sochi"]
[Date "2018.10.10"]
[Round "13"]
[White "Alekseenko, Kirill"]
[Black "Girshgorn, Leonid"]
[Result "1-0"]
[WhiteElo "2639"]
[BlackElo "1925"]
[Annotator "TA"]
[PlyCount "67"]
[EventDate "2018.10.10"]
[EventType "swiss"]
[EventCountry "RUS"]
[SourceTitle "playchess.com"]
[Source "ChessBase"]
[SourceQuality "1"]

{[%evp 17,67,26,60,-9,-16,-24,5,-10,-10,-41,0,-2,0,0,35,31,41,37,31,26,46,6,20,3,0,-73,64,-22,22,-8,35,-112,-105,-98,-97,-93,-16,0,133,-31,-31,-165,216,207,607,628,758,536,1019,897,29992,29993]} 1. e4 c6 2. d4 d5 3. e5 Bf5 4. Nf3 {[%cal Bg1f3,Bf3e1,Be1c2,Bc2e3][%mdl 32]} e6 5. Be2 Nd7 6. O-O h6 7. Nbd2 Ne7 {B12: Caro-Kann: Advance Variation} 8. Nb3 g5 9. Ne1 Bg7 {LiveBook: 16 Games. White has an edge.} 10. Bd2 ({White should play} 10. f4 $14) 10... c5 $146 ({Predecessor:} 10... b6 11. Rc1 c5 12. c4 dxc4 13. Bxc4 O-O 14. f4 gxf4 15. Bxf4 {½-½ (37) Borisek,J (2565)-Eljanov,P (2717) Berlin 2015}) 11. c3 Nc6 12. Nc2 O-O 13. Ne3 Bg6 {next ...c4 is good for Black.} 14. Bh5 cxd4 15. cxd4 Qb6 16. Bc3 a5 17. Bxg6 fxg6 18. Qg4 Ne7 {[%cal Bc6e7,Be7f5,Bf5d4][%mdl 32]} 19. g3 a4 20. Nd2 Nf5 21. a3 (21. Nxf5 $11 gxf5 22. Qh5) 21... Kh7 (21... h5 $1 $17 {[%cal Rh5g4]} 22. Qxg5 Nxd4) 22. Rae1 (22. Nf3 $1 $14) 22... Rf7 (22... h5 $5 {[%cal Rh5g4]} 23. Qh3 g4 24. Nxg4 Nxd4 $11) 23. Ng2 Raf8 {Threatening ...h5.} 24. Kh1 {[#]} (24. Nf3 $14 {stays ahead.}) 24... h5 $1 $17 {[%cal Rh5g4]} 25. Qd1 Nxd4 26. f4 {[#]} gxf4 (26... Bh6 $1 $17 {[%cal Rg5f4]} 27. Qxa4 Nc6) 27. Nxf4 $11 {Bxd4 is the strong threat.} Bxe5 (27... Nf5 $11 {keeps the balance.}) 28. Qxa4 $2 ({Only move:} 28. Bxd4 $1 $16 Qxd4 29. Nxe6 Rxf1+ 30. Nxf1 Rxf1+ 31. Rxf1 Qxd1 32. Rxd1) 28... Qc6 $15 29. Qd1 (29. Qxc6 $15 Nxc6 30. Bxe5 Ndxe5 31. Kg2) 29... Qd6 $4 {[%mdl 8192]} (29... Bxf4 $19 {and all is fine.} 30. Bxd4 Bxd2 31. Rxf7+ Rxf7 32. Qxd2 Rf5) 30. Bxd4 $1 $18 Bxd4 $2 (30... Bxf4 31. Rxf4 (31. gxf4 Rxf4 32. Rxf4 Rxf4 $16) 31... Rxf4 32. gxf4 Rxf4) 31. Rxe6 Qc5 32. Rxg6 {[%cal Rd1h5]} Nf6 33. Ne6 {Intending Rfxf6 and mate.} Qc8 34. Rfxf6 {Precision: White = 15%, Black = 26%.} 1-0

[Event "RUS-chT Blitz Men 2018"]
[Site "Sochi"]
[Date "2018.10.10"]
[Round "13"]
[White "Rakhmanov, Aleksandr"]
[Black "Zvjaginsev, Vadim"]
[Result "1-0"]
[WhiteElo "2634"]
[BlackElo "2644"]
[Annotator "TA"]
[PlyCount "63"]
[EventDate "2018.10.10"]
[EventType "swiss"]
[EventCountry "RUS"]
[SourceTitle "playchess.com"]
[Source "ChessBase"]
[SourceQuality "1"]

{[%evp 9,63,-12,-13,-10,21,16,20,4,8,0,0,0,8,4,50,44,62,60,240,251,390,347,340,337,591,603,668,660,659,386,395,396,394,389,430,418,430,442,441,439,426,427,448,362,345,354,522,518,525,527,568,567,533,533,527,517]} 1. c4 g6 2. Nc3 Bg7 3. g3 c5 4. Bg2 Nc6 5. Nh3 e6 6. Nf4 {A36: Symmetrical English vs ...g6: 4 Bg2 Bg7} Nf6 7. h4 h5 8. d3 $146 {The position is equal.} ({Predecessor:} 8. a3 O-O 9. O-O Ne7 10. b4 d5 11. cxd5 cxb4 12. axb4 Nexd5 13. Nfxd5 Nxd5 {1-0 (50) Lobron,E (2620)-Huebner,R (2620) Munich 1993}) 8... b6 9. Qd2 Bb7 10. b3 Qb8 11. Bb2 Nd4 12. Ne4 Nxe4 13. dxe4 Be5 $2 {[#]} ({Black should try} 13... O-O $14) 14. Nd3 $1 $18 {[%cal Rd3e5]} Bxg3 (14... f6 $142 15. f4 Bc7) 15. fxg3 Qxg3+ 16. Kf1 O-O-O $2 (16... f6 17. Rd1 Rf8) 17. e3 f5 18. Rh3 Nf3 19. Rxg3 Nxd2+ 20. Ke1 Nxe4 21. Bxe4 fxe4 22. Bxh8 exd3 23. Bf6 Rg8 24. Kd2 Be4 25. Rf1 d5 26. cxd5 exd5 27. Bb2 Kb7 (27... Kd7 $142 28. Rg5 Re8) 28. Rf7+ {White is clearly winning.} Ka6 29. Rg5 Rc8 30. Re5 c4 31. Bc3 cxb3 32. axb3 {Precision: White = 73%, Black = 20%.} 1-0

[Event "RUS-chT Blitz Men 2018"]
[Site "Sochi"]
[Date "2018.10.10"]
[Round "13"]
[White "Lysyj, Igor"]
[Black "Dilmukhametov, Artur"]
[Result "1-0"]
[WhiteElo "2631"]
[BlackElo "2353"]
[Annotator "TA"]
[PlyCount "53"]
[EventDate "2018.10.10"]
[EventType "swiss"]
[EventCountry "RUS"]
[SourceTitle "playchess.com"]
[Source "ChessBase"]
[SourceQuality "1"]

{[%evp 12,53,0,8,20,12,8,0,0,0,9,0,11,0,23,26,35,34,57,62,110,57,247,247,238,255,250,264,418,416,483,487,466,344,693,658,831,804,811,807,824,779,822,818]} 1. d4 d5 {[%cal Bd7d5,Bd5c4][%mdl 32]} 2. c4 c6 3. Nf3 Nf6 4. g3 dxc4 5. Bg2 b5 6. Ne5 {D11: Slav Defence: 3 Nf3 sidelines and 3...Nf6 4 e3 Bg4} (6. O-O e6 7. a4 Bb7 8. Ne5 a6 9. b3 cxb3 10. Qxb3 Be7 11. Nc3 b4 12. Rd1 a5 13. Bg5 O-O 14. Bxf6 gxf6 {1-0 (37) Mchedlishvili,M (2603)-Eljanov,P (2711) Riadh 2017}) 6... Bb7 7. O-O {LiveBook: 24 Games} a6 8. b3 {The position is equal.} cxb3 $1 9. axb3 e6 10. Bb2 Be7 11. Nc3 {[%cal Bb1c3,Bc3e4,Be4c5][%mdl 32]} O-O 12. Ne4 Nfd7 13. Qc2 Qb6 14. Nd3 $146 {[%mdl 1024] White has compensation.} Nf6 15. Nec5 $36 {[%mdl 2048] White has the initiative.} Nd5 16. Rfc1 ({White should play} 16. e4 $16) 16... Rc8 $2 (16... a5 $14) 17. e4 $18 Nf6 18. Nxb7 Qxb7 {[#]} 19. d5 $1 {[%cal Bd4d5,Bd5d6][%mdl 544]} c5 {[#]} (19... Nfd7 {was called for.} 20. dxe6 fxe6) (19... cxd5 20. Qxc8+) 20. d6 $1 {[%mdl 512]} Bd8 (20... Bxd6 21. e5) 21. Nxc5 Qa7 22. b4 Nc6 $2 (22... Nfd7 23. e5 Nxc5 24. Bxa8 Qxa8 25. bxc5 a5) 23. Rxa6 {White is clearly winning.} Qb8 24. Rxa8 Qxa8 25. Qd2 e5 26. Ra1 Qb8 27. Bh3 {Precision: White = 82%, Black = 11%.} 1-0

[Event "RUS-chT Blitz Men 2018"]
[Site "Sochi"]
[Date "2018.10.10"]
[Round "13"]
[White "Oparin, Grigoriy"]
[Black "Paravyan, David"]
[Result "1-0"]
[WhiteElo "2624"]
[BlackElo "2629"]
[Annotator "TA"]
[PlyCount "85"]
[EventDate "2018.10.10"]
[EventType "swiss"]
[EventCountry "RUS"]
[SourceTitle "playchess.com"]
[Source "ChessBase"]
[SourceQuality "1"]

{[%evp 10,85,0,0,-4,0,0,-4,0,-13,-4,-11,-8,-14,12,16,0,0,0,-15,8,0,0,-26,-15,-18,0,-8,-18,-18,-16,-61,-32,-31,-12,-15,-32,-23,-32,-39,-16,-22,1,5,0,-29,-8,-18,14,0,2,0,89,89,90,85,121,46,54,46,2559,2038,29984,29985,29989,0,5690,1261,1437,1181,1761,1422,12822,6137,29992,29984,29994,12838]} 1. c4 e5 2. Nc3 Bb4 3. Nd5 Be7 4. g3 Nf6 5. Nxe7 Qxe7 6. Bg2 {LiveBook: 7 Games. A21: English Opening: 1...e5 2 Nc3} Nc6 (6... O-O 7. d3 c6 8. Bg5 h6 9. Bxf6 Qxf6 10. e3 d5 11. cxd5 cxd5 12. Ne2 Nc6 13. O-O {½-½ (13) Draskovic,L (2449)-Petkov,V (2510) Kragujevac 2018}) 7. d3 O-O 8. Nf3 {The position is equal.} d5 9. cxd5 Nxd5 10. O-O $146 ({Predecessor:} 10. h3 f6 11. O-O Be6 12. Qa4 {½-½ (25) Schilly,H (1966)-Baroin,B (2040) IECG email 2000}) 10... Rd8 11. Bd2 Bg4 12. Rc1 Nf6 13. Qe1 a5 14. a3 a4 15. h3 Be6 16. Be3 Bd5 17. Qc3 h6 18. Rfe1 Qe6 19. Qc5 Ra5 20. Qc3 Rb5 21. Qc2 Rd7 22. Qxa4 Rxb2 23. Rb1 Rxb1 24. Rxb1 b6 25. Rc1 e4 26. dxe4 $1 Bxe4 27. Qa8+ Rd8 28. Qa4 Kh7 29. Ne1 Bxg2 30. Nxg2 Ne5 (30... Rd6 $11) 31. Qc2+ $16 Ng6 32. Nf4 $36 {[%mdl 2048] Black is under strong pressure.} Qd7 33. Nxg6 ({White should play} 33. Qxc7 $16 {Hoping for Nxg6.} Nxf4 34. Bxf4) 33... fxg6 $14 34. Qxc7 Qxh3 $2 {[%mdl 8192] [#]} (34... Qxc7 $14 35. Rxc7 Nd5) 35. Qxd8 $18 g5 36. Qd3+ Kh8 37. Qd8+ (37. Rc7 $142 Qe6 38. Qg6 Qg8 39. Bd4 Qh7 40. Rxg7 Qxg6 41. Rxg6 Kh7 42. Rxf6) 37... Kh7 38. Qa8 Qf5 39. Qf3 Qe6 40. Bd4 Nd5 41. e4 Ne7 42. Rc7 Qd6 {[#]} 43. Qc3 {Precision: White = 49%, Black = 36%.} (43. Qf7 $142 $1 {[%mdl 512]} Qg6 44. Qxe7 g4 45. Bxg7 Qxe4 46. Qxe4+ Kg8 47. Qe8+ Kh7 48. Bh8#) 1-0

[Event "RUS-chT Blitz Men 2018"]
[Site "Sochi"]
[Date "2018.10.10"]
[Round "13"]
[White "Kobalia, Mikhail"]
[Black "Rozum, Ivan"]
[Result "0-1"]
[WhiteElo "2620"]
[BlackElo "2573"]
[Annotator "TA"]
[PlyCount "56"]
[EventDate "2018.10.10"]
[EventType "swiss"]
[EventCountry "RUS"]
[SourceTitle "playchess.com"]
[Source "ChessBase"]
[SourceQuality "1"]

{[%evp 24,56,48,39,54,49,62,35,37,36,154,139,143,153,152,131,114,0,0,0,-5,-4,-2,-385,-379,-378,-377,-490,-479,-672,-662,-760,-620,-2579,-2466]} 1. e4 g6 2. d4 Bg7 3. Nf3 d6 4. Bc4 Nf6 5. Qe2 c6 6. Bb3 O-O 7. O-O Bg4 8. Nbd2 e5 9. dxe5 {B06: Modern Defence} dxe5 10. h3 Bxf3 11. Nxf3 Nbd7 12. a4 Qe7 13. c3 {LiveBook: 5 Games} Nc5 14. Bc2 a5 15. Nd2 $146 {[%cal Bf3d2,Bd2c4,Bc4a5][%mdl 32]} ({Predecessor:} 15. Re1 Rfb8 16. b3 Bf8 {1-0 (56) Yilmazyerli,M (2452)-Petrov,M (2480) Izmir 2017}) 15... Rfd8 16. Nc4 b5 (16... Qc7 $14) 17. axb5 $16 cxb5 18. Nxa5 Qc7 19. b4 Ne6 20. Bb3 ({Not} 20. Qxb5 Qxc3 21. Ra2 Nd4 $17) ({Better is} 20. Bb2 $16) 20... Qxc3 $11 21. Be3 {[#] Bxe6 is the strong threat.} Qxb4 22. Bxe6 {Black must now prevent Nc6.} Rxa5 23. Bb6 $2 {[%mdl 8192]} (23. Ba2 $11 {and White has nothing to worry.}) 23... Rxa1 $19 24. Rxa1 {[#]} Rd6 $1 25. Ra8+ Bf8 {Black is clearly winning.} 26. Bc7 (26. Bxf7+ $142 Kxf7 27. Be3) 26... Rxe6 27. Qe3 Qxe4 28. Qb3 Qxa8 {Precision: White = 39%, Black = 62%.} 0-1

[Event "RUS-chT Blitz Men 2018"]
[Site "Sochi"]
[Date "2018.10.10"]
[Round "13"]
[White "Indjic, Aleksandar"]
[Black "Derjabin, Ilja"]
[Result "1-0"]
[WhiteElo "2604"]
[BlackElo "2345"]
[Annotator "TA"]
[PlyCount "23"]
[EventDate "2018.10.10"]
[EventType "swiss"]
[EventCountry "RUS"]
[SourceTitle "playchess.com"]
[Source "ChessBase"]
[SourceQuality "1"]

{[%evp 9,23,71,139,143,127,138,123,154,159,153,150,154,222,208,201,185]} 1. d4 Nf6 2. Nf3 d6 3. c4 Bf5 4. Nc3 Nbd7 5. Nh4 Bg4 (5... e6 $142) 6. h3 $16 {A53: Altindisch} Bh5 7. g4 {[%cal Bg2g4,Bg4g5][%mdl 32]} Bg6 8. Bg2 {Weiß steht besser.} c6 {Weiß steht deutlich besser.} 9. g5 $146 ({Vorgänger:} 9. f4 e6 10. g5 Nh5 11. e4 f6 12. f5 exf5 13. exf5 {1-0 (28) Lalic,B (2501)-Rodriguez Rodriguez,A (2276) Mirabal 2001}) 9... Nh5 10. d5 c5 (10... Qb6 $16 11. O-O e6 12. Nxg6 hxg6 13. dxe6 fxe6) 11. Nxg6 hxg6 12. h4 1-0

[Event "RUS-chT Blitz Men 2018"]
[Site "Sochi"]
[Date "2018.10.10"]
[Round "13"]
[White "Kryakvin, Dmitry"]
[Black "Ivanova, Karina"]
[Result "1-0"]
[WhiteElo "2595"]
[BlackElo "2124"]
[Annotator "TA"]
[PlyCount "95"]
[EventDate "2018.10.10"]
[EventType "swiss"]
[EventCountry "RUS"]
[SourceTitle "playchess.com"]
[Source "ChessBase"]
[SourceQuality "1"]

{[%evp 9,95,12,18,20,28,28,22,24,25,24,37,12,7,16,22,15,45,57,73,56,51,57,50,47,185,20,16,23,19,14,15,0,8,0,0,-9,0,0,25,0,14,0,73,0,0,-27,0,-18,0,0,17,17,17,12,17,20,16,15,25,10,16,0,132,121,160,158,310,170,372,97,336,238,198,107,175,0,436,435,861,848,794,759,29980,29981,29981,29982,29986,29987]} 1. d4 Nf6 2. Bg5 e6 {[#]} 3. e4 $1 {[%mdl 512]} h6 (3... Nxe4 4. Bxd8) 4. Bxf6 Qxf6 5. c3 d5 (5... d6 6. Bd3 g6 7. Ne2 Bg7 8. O-O O-O 9. f4 Qe7 10. e5 b6 11. Nd2 Bb7 12. Be4 Bxe4 13. Nxe4 Rd8 14. Qe1 {0-1 (62) Moiseenko,A (2667)-Wang,Y (2690) Riadh 2017}) 6. Bd3 {A45: Trompowsky Attack} dxe4 7. Bxe4 Nd7 8. Nf3 {The position is equal.} Qd8 9. O-O $146 ({Predecessor:} 9. Nbd2 Be7 10. O-O O-O 11. Re1 c5 12. Rc1 cxd4 13. cxd4 {1-0 (41) Heimisson,H (2190)-Kaufman,R (2266) Reykjavik 2017}) 9... Nf6 10. Bd3 Bd6 11. Nbd2 O-O 12. Ne4 Be7 13. Qe2 Rb8 14. Rad1 b6 15. Ne5 {[#] Nc6 is the strong threat.} Bb7 16. Rfe1 {[%cal Bf1e1,Be1e3,Be3d3,Bd3d4][%mdl 32]} Bd6 (16... Rc8 $14) 17. f4 $2 (17. Nxf6+ $18 Qxf6 18. Nd7) 17... Nxe4 18. Bxe4 Bxe4 19. Qxe4 {Black must now prevent Nc6.} Bxe5 20. fxe5 Qe7 21. Re3 c5 22. Red3 cxd4 23. Rxd4 Rfd8 24. h3 Rbc8 25. Kh2 g6 (25... Rxd4 $11 26. Rxd4 Rd8) 26. Qf4 (26. Rd6 $16) 26... Rxd4 $11 27. Qxd4 {[%mdl 4096] Endgame KQR-KQR} (27. Rxd4 {keeps more tension.} Kg7 28. h4 b5 29. g3 a5 30. a3) 27... Qc5 28. Kg3 Qxd4 29. Rxd4 {KR-KR} Rc7 30. Kf4 Kf8 31. c4 Ke7 32. Ke4 f5+ 33. exf6+ $1 Kxf6 34. b3 h5 35. h4 g5 (35... Ke7 $11) 36. hxg5+ $16 Kxg5 37. Ke5 Re7 $2 (37... Rc6 $16 {was worth a try.} 38. Rd7 a5) 38. g3 (38. b4 $142) 38... Kg6 $2 (38... a5 {was called for.} 39. Rd8 Rg7) 39. Kd6 $2 (39. b4 $18 {is the precise move to win.}) 39... Rf7 $2 (39... e5 $16 40. Rh4 Re8) 40. Rd3 ({Weaker is} 40. Kxe6 Rf3 $16) 40... Rf2 41. a4 (41. b4 $18) 41... Re2 (41... Kf6 $16) 42. Kc6 $2 ({Better is} 42. b4 $18) 42... Kg5 $2 {[%mdl 8192]} (42... e5 $1 $11 {and Black stays safe.}) 43. Kb7 $18 Kg4 (43... e5 $142 44. Kxa7 Kf5 45. Kxb6 Ke4) 44. Kxa7 Rf2 45. Kxb6 Rf3 46. Rxf3 {White mates.} Kxf3 47. a5 {[%cal Ba4a5,Ba5a6][%mdl 32]} Kxg3 48. a6 {Precision: White = 34%, Black = 23%.} 1-0

[Event "RUS-chT Blitz Men 2018"]
[Site "Sochi"]
[Date "2018.10.10"]
[Round "13"]
[White "Antipov, Mikhail Al."]
[Black "Diakonova, Ekaterina"]
[Result "1-0"]
[WhiteElo "2593"]
[BlackElo "2236"]
[Annotator "TA"]
[PlyCount "29"]
[EventDate "2018.10.10"]
[EventType "swiss"]
[EventCountry "RUS"]
[SourceTitle "playchess.com"]
[Source "ChessBase"]
[SourceQuality "1"]

{[%evp 18,29,114,124,302,250,554,559,564,558,994,714,2143,2142]} 1. e4 c5 2. Nf3 g6 3. d4 cxd4 4. Nxd4 Nf6 5. Nc3 Nc6 6. Bc4 Bg7 7. Nxc6 bxc6 8. e5 Ng8 9. Qf3 f6 {B34: Sicilian: Accelerated Dragon with 5 Nc3: sidelines} (9... f5 10. Bf4 Qa5 11. O-O Rb8 12. b3 Bxe5 13. Bxe5 Qxe5 14. Rfe1 Qf6 15. Rad1 Kf8 16. Qf4 d6 17. Qe3 Rb7 18. Ba6 Rc7 19. Bxc8 Rxc8 {0-1 (40) Bashirli,N (2323)-Savchenko,B (2607) Dubai 2016}) 10. O-O {LiveBook: 3 Games} a5 $2 {[#]} (10... f5 $16) 11. Rd1 $146 ({Predecessor:} 11. Re1 f5 12. g4 e6 13. gxf5 exf5 14. Qg3 a4 15. Bg5 Ne7 16. Bf6 Kf8 17. Qh4 {½-½ (29) Pomaro,A (2246)-Lisi,D (1999) Merano 2008}) 11... Bb7 $2 (11... Rb8 12. Ne4 Rb4) 12. Ne4 $18 {White is clearly winning.} Ba6 13. Be6 Ra7 14. Nc5 d5 15. exd6 1-0